Responses for show #4441 - Monday, December 22, 2003

Game data retrieved from an alternate archive.

Contestants

[<< previous game]

Tom Underwood, an attorney from Haddon Heights, New Jersey

James Meyers, a student-teacher from Kingston, New York

Erika Rogers, a bartender from Indianapolis, Indiana (whose 2-day cash winnings total $25,000)

[next game >>]

Jeopardy! Round responses

BIOLO"G"
SINGERS ALSO KNOWN AS
PULITZER PRIZE CATEGORIES
AMERICAN WOMEN
TEST YOUR SNOW HOW
WORD HISTORY
    $200 8
genes

Tom
    $200 1
Tony Orlando

James
    $200 23
(James: What is Poetry?)

Cartooning

James
Triple Stumper
    $200 6
Hawaii

Erika
    $200 13
an igloo

Tom
    $200 7
kidnap

James
    $400 9
glands

Erika
    $400 2
Monica

Erika
    $400 24
Photography

Tom
    $400 19
Ann Bancroft

Tom
    $400 14
a blizzard

Erika
    $400 10
embed

Tom
    $600 16
gestation

Erika
    $600 3
Smokey Robinson

Erika
    $600 25
Poetry

James
    $600 20
Grandma Moses

Erika
    $600 26
St. Bernard

Tom
    $600 11
aquarium

Tom
    $800 17
gray matter

Erika
    $800 4
Kid Rock

Tom
    $800 29
Music

Triple Stumper
    $800 21
MADD (Mothers Against Drunk Driving)

Tom
    $800 27
6

Triple Stumper
    $800 12
nihilism

James
    $1000 18
glucagon

Triple Stumper
    $1000 5
(Tom: Who is MC Hammer?)

Trini Lopez

Tom
Triple Stumper
    $1000 30
Biography

Triple Stumper
    $600 22
(Tom: Sorry, I don't know.)

Mary Baker Eddy

Tom
    $1000 28
the snowshoe hare

James
    $1000 15
pander

Erika

Scores at the first commercial break (after clue 15):

Erika James Tom
$3,000 $1,200 $1,200

Scores at the end of the Jeopardy! Round:

Erika James Tom
$5,000 $2,600 $2,800

Double Jeopardy! Round responses

GRENADA
ROBIN WILLIAMS ROLES
MEN ON SKIS
___ & ___
HEIR RAISING
NOVELS
    $400 6
scuba diving

Erika
    $400 1
Hook

Tom
    $400 10
(Tom: What is fiberglass?)

metal

Tom
Triple Stumper
    $400 14
bread & butter

Erika
    $400 11
The Netherlands

Erika
    $400 7
Moby-Dick

Tom
    $800 18
medicine

Tom
    $800 2
Good Morning, Vietnam

Erika
    $1,200 30
(James: What is Switzerland?)

Finland

James
    $800 15
hook & eye

Tom
    $800 22
Anastasia

Erika
    $800 8
Oliver Twist

Erika
    $1200 19
nutmeg

Triple Stumper
    $1200 3
Dead Poets Society

Tom
    $1200 29
deliver mail

James
    $1,200 16
(Tom: What is assault & battery?)

hue & cry

Tom
    $1200 24
Eleanor

Erika
    $1200 9
Gulliver

James
    $1600 20
the Grenadines

Triple Stumper
    $1600 4
(James: What is Awakenings?)

Good Will Hunting

James
Triple Stumper
    $1600 27
Alberto Tomba

Erika
    $1600 17
good & evil

Triple Stumper
    $1600 25
Augustus

Erika
    $1600 12
a priest

Erika
    $2000 21
(James: Who are the Arawak?)

the Carib

James
Triple Stumper
    $2000 5
Moscow on the Hudson

Tom
    $2000 28
Warren Miller

Triple Stumper
    $2000 23
the buck & wing

Triple Stumper
    $2000 26
Charlemagne

Tom
    $2000 13
Pudd'nhead

Erika

Scores at the end of the Double Jeopardy! Round:

Erika James Tom
$16,600 $200 $8,800

[wagering suggestions for these scores]

Final Jeopardy! Round responses

FRUIT
JamesWhat is the coconut?
$0
TomWhat is avocado?
$8,200
ErikaWhat is casaba?
$1,001
the coconut

Final scores:

Erika James Tom
$15,599 $200 $600
3-day champion: $40,599 3rd place: $1,000 2nd place: $2,000

Game dynamics:

Coryat scores:

Erika James Tom
$16,600 $1,400 $10,600
20 R,
0 W
7 R,
4 W
(including 1 DD)
16 R,
4 W
(including 2 DDs)

Combined Coryat: $28,600

The J! Archive is created by fans, for fans. The Jeopardy! game show and all elements thereof, including but not limited to copyright and trademark thereto, are the property of Jeopardy Productions, Inc. and are protected under law. This website is not affiliated with, sponsored by, or operated by Jeopardy Productions, Inc. Join the discussion at JBoard.tv.